|
|
|
|
| LEADER |
00958nam a2200217 a 4500 |
| 001 |
29202 |
| 003 |
BD-DhAAL |
| 005 |
20150517120659.0 |
| 008 |
150517s2008 bg 000 0 ben d |
| 020 |
|
|
|a 9847015600419
|
| 040 |
|
|
|a DB-DhAAL
|c DB-DhAAL
|
| 082 |
0 |
0 |
|a 530.11
|
| 100 |
1 |
|
|a ইকবাল, মুহম্মদ জাফর
|9 8824
|
| 245 |
1 |
0 |
|a থিওরি অফ রিলেটিভিটি /
|c মুহম্মদ জাফর ইকবাল
|
| 260 |
|
|
|a ঢাকা :
|b মাওলা ব্রাদার্স,
|c ২০০৮
|
| 300 |
|
|
|a ৯৩ পৃ. ;
|c ২২ সে.মি.
|
| 541 |
1 |
|
|e 29202
|
| 650 |
|
0 |
|a General relativity (Physics)
|9 11086
|
| 942 |
|
|
|2 ddc
|c BK
|
| 999 |
|
|
|c 34424
|d 34424
|
| 952 |
|
|
|0 0
|1 0
|2 ddc
|4 0
|6 530_110000000000000_IQB
|7 0
|9 53747
|a BRACUL
|b BRACUL
|c GEN
|d 2015-05-17
|e BRAC Institute of Language (BIL)
|l 1
|m 24
|o 530.11 IQB
|p 3010029202
|r 2024-12-31
|s 2024-06-05
|t 1
|w 2015-05-17
|y BK
|x Transferred from BIL to BRACUL on 06/06/22
|